Effect of pesticide addition sequence on the preparation of phytosanitary spray solutions (Registro n. 9512)
[ somente texto ]
| 000 -LÍDER | |
|---|---|
| fixed length control field | 04095nab a2200301 i 4500 |
| 003 - CÓDIGO MARC DA AGÊNCIA CATALOGADORA | |
| Campo de controle | BR-BrBNA |
| 005 - DATA E HORA DA ÚLTIMA ATUALIZAÇÃO | |
| Campo de controle | 20230911143409.0 |
| 008 - CAMPO DE TAMANHO FIXO | |
| fixed length control field | 230703b2019 bl.ar|pooa||| 00| 0 eng | |
| 040 ## - FONTE DA CATALOGAÇÃO | |
| Agência catalogadora | BR-BrBNA |
| Idioma da catalogação | eng |
| 072 ## - CATEGORIA AGRIS | |
| Código AGRIS | H60 |
| 100 ## - ENTRADA PRINCIPAL - NOME PESSOAL | |
| Nome pessoal | Ramos, M.F.T. |
| 100 ## - ENTRADA PRINCIPAL - NOME PESSOAL | |
| Nome pessoal | Santos, R.T.S. |
| 100 ## - ENTRADA PRINCIPAL - NOME PESSOAL | |
| Nome pessoal | Almeida, D.P. |
| 100 ## - ENTRADA PRINCIPAL - NOME PESSOAL | |
| Nome pessoal | Vechia, J.F.D. |
| 100 ## - ENTRADA PRINCIPAL - NOME PESSOAL | |
| Nome pessoal | Ferreira, M.C. |
| 245 ## - TÍTULO PRINCIPAL | |
| Título principal | Effect of pesticide addition sequence on the preparation of phytosanitary spray solutions |
| 500 ## - NOTA GERAL | |
| Nota geral | Publicação on-line; 21 ref.; 7 tables; Summaries (En, Pt) |
| 942 ## - ADDED ENTRY ELEMENTS (KOHA) | |
| Koha item type | |
| 520 ## - NOTA DE RESUMO | |
| Nota de conteúdo | <br/><br/>ABSTRACT - The addition of adjuvants to herbicide solutions is aimed at preserving<br/>or enhancing the biological effect of treatment. However, it is commonly performed<br/>without knowledge of the physicochemical interactions between products. This<br/>study aimed to assess the effects of different addition sequences of the herbicide<br/>aminopyralid + fluroxypyr and adjuvants in the preparation of phytosanitary spray<br/>solutions on the surface tension and contact angle. Two experiments were carried<br/>out with herbicide doses of 1 and 2 L ha-1 associated with the adjuvants mineral oil<br/>(MO), silicone-polyether copolymer (SIL), and a mixture of phosphatidylcholine<br/>(lectin) and propionic acid (LEC), all at a proportion of 0.3% v v-1. The application<br/>rate was 150 L ha-1. Surface tension was measured by the pendant droplet method.<br/>Contact angle was measured on the adaxial and abaxial surfaces of leaves of the<br/>pasture weed Senna obtusifolia and parafilm. Preparation sequence did not change<br/>the contact angle on any of the analyzed surfaces at a dose of 1 L ha-1 of herbicide.<br/>For the dose of 2 L ha-1, the adjuvants SIL and LEC showed a higher spreading when<br/>previously added to the herbicide. MO resulted in a higher spreading when added<br/>after the herbicide, with higher surface coverage. Therefore, the preparation sequence<br/>influences the dispersion of phytosanitary spray solutions on targets.<br/><br/>Keywords: adjuvants, preparation sequence, Senna obtusifolia. |
| 520 ## - NOTA DE RESUMO | |
| Nota de conteúdo | <br/><br/>RESUMO - A adição de adjuvantes às caldas herbicidas visa preservar ou aumentar<br/>o efeito biológico do tratamento, porém é comumente realizada sem conhecimento<br/>das interações físico-químicas entre os produtos. Assim, objetivou-se neste trabalho<br/>avaliar os efeitos sobre a tensão superficial e o ângulo de contato decorrentes de<br/>diferentes sequências de adição do herbicida aminopiralide + fluroxipir e<br/>adjuvantes no preparo de caldas fitossanitárias. Foram realizados dois<br/>experimentos, com a dosagem de 1 e 2 L ha-1 do herbicida, associados aos adjuvantes<br/>óleo mineral (OM), copolímero de poliéter e silicone (SIL), mistura de<br/>fosfatidicolina e ácido propiônico (LEC), todos na proporção de 0,3% v v-1. A taxa<br/>de aplicação considerada foi de 150 L ha-1. Mediu-se a tensão superficial pelo<br/>método da gota pendente. O ângulo de contato foi medido nas superfícies adaxial<br/>e abaxial de folhas da planta daninha de pastagens Senna obtusifolia e em<br/>parafilme. Verificou-se que a ordem de preparo não alterou o ângulo de contato<br/>em nenhuma das superfícies analisadas na dosagem de 1 L ha-1 do herbicida. Para<br/>a dosagem de 2 L ha-1, os adjuvantes SIL e LEC apresentaram maior espalhamento<br/>quando adicionados previamente ao herbicida. O OM resultou em maior<br/>espalhamento quando adicionado após o herbicida, com maior cobertura da<br/>superfície. Portanto, a sequência de preparo das caldas fitossanitárias influencia<br/>no espalhamento destas sobre os alvos.<br/><br/>Palavras-chave: adjuvantes, ordem de preparo, Senna obtusifolia. |
| 650 ## - ASSUNTO - THESAGRO | |
| Cabeçalho tópico ou nome geográfico | HERBICIDA |
| 650 ## - ASSUNTO - THESAGRO | |
| Cabeçalho tópico ou nome geográfico | AGROTÓXICO |
| 650 ## - ASSUNTO - THESAGRO | |
| Cabeçalho tópico ou nome geográfico | ERVA DANINHA |
| 650 ## - ASSUNTO - THESAGRO | |
| Cabeçalho tópico ou nome geográfico | FEDEGOSO |
| 773 0# - ENTRADA ANALÍTICA | |
| Host Biblionumber | 886 |
| Registro do item | 1816 |
| Imprenta | Londrina-PR : Sociedade Brasileira da Ciência das Plantas Daninhas, 1978 |
| Outro identificador | 2023-031023 |
| Título | Planta Daninha (Brazil) |
| ISSN | 0100-8358; 1806-9681 (on-line) |
| Colação | v. 37 p. 1-8; (2019) |
| Número de controle de registro | BR2023000473 |
| 856 ## - ACESSO E ENDEREÇO ELETRÔNICO | |
| Identificador uniforme de recurso - URI | https://www.scielo.br/j/pd/a/7YxWS9M35B4vyFRM8J7QXxG/?format=pdf&lang=en |
Nenhum exemplar disponível.

BINAGRI